Príprava nového Zákonníka práce.
Príprava rekodifikácie Zákonníka práce v SR, vychádzajúca zo základných sociálnych práv uvedených v Ústave SR a v Európskej sociálnej charte. Kompatibilita s právnou úpravou krajín Európskych spoločenstiev a súlad s Dohovormi Medzinárodnej organizácie práce. Charakteristické znaky pracovného zákonod...
Salvato in:
| Autore principale: | |
|---|---|
| Natura: | Capitolo di libro |
| Lingua: | slovacco |
| Soggetti: | |
| Tags: |
Nessun Tag, puoi essere il primo ad aggiungerne!!
|
MARC
| LEADER | 00000naa a2200000 4500 | ||
|---|---|---|---|
| 001 | r013743 | ||
| 005 | 20221213083018.6 | ||
| 041 | 0 | |a slo | |
| 044 | |a CZ | ||
| 245 | 1 | 0 | |a Príprava nového Zákonníka práce. |c Mária Buchtová |
| 520 | |a Príprava rekodifikácie Zákonníka práce v SR, vychádzajúca zo základných sociálnych práv uvedených v Ústave SR a v Európskej sociálnej charte. Kompatibilita s právnou úpravou krajín Európskych spoločenstiev a súlad s Dohovormi Medzinárodnej organizácie práce. Charakteristické znaky pracovného zákonodárstva. | ||
| 610 | 2 | 0 | |a zákonník práce |
| 610 | 2 | 0 | |a Slovensko |
| 610 | 2 | 0 | |a predpisy právne |
| 610 | 2 | 0 | |a Európske spoločenstvá |
| 610 | 2 | 0 | |a MOP |
| 100 | 1 | |a Buchtová, Mária | |